000 00243nam a2200097Ia 4500
001 652660
005 20250826154442.0
008 250824s9999 xx 000 0 und d
245 0 _aHER ŞEYİ SATARIM RUMHUM HARİÇ 2
_cHAKAN YEL
260 _bALTIN
999 _c652660
_d652660